The practice of adaptive leadership : (Registro nro. 21981)

Detalles MARC
000 -Cabecera
Campo de control interno 00875nam a2200253Ia 4500
005 - Fecha y hora del registro
control field 20260320113331.0
008 - Elementos de Longitud Fija
fixed length control field 260320s9999||||xx |||||||||||||| ||und||
020 ## - ISBN
ISBN 9781422105764
041 ## - Idioma
Codigo Idioma Inglés
082 ## - DEWEY y NOTACIÓN INTERNA
Dewey 658.4092
Notación Interna H36
100 ## - AUTOR
Autor denominación Heifetz, Ronald,
Término de relación autor
245 #4 - TÍTULO DE MATERIAL BIBLIOGRÁFICO
Título The practice of adaptive leadership :
Título paralelo tools and tactics for changing your organization and the world
246 ## - TÍTULO TRADUCIDO
Título
Título paralelo
Autor
260 ## - CIUDAD, EDITORIAL, AÑO
Ciudad Boston :
Nombre de la Editorial Harvard Business Press,
Año 2024
300 ## - DESCRIPCIÓN
N° Páginas xvi, 326 páginas :
Otros detalles figuras ;
Dimensiones 24 cm.
Material Adicional
440 ## - MENCIÓN DE SERIE
Título de la Serie
Número de Serie
Volumen de Serie
650 ## - TEMAS
Temas Tecnología (Ciencias Aplicadas)
653 ## - DESCRIPTORES
Lenguajes no controlado Administración; Gerencia ejecutiva; Liderazgo ejecutivo
654 ## - PROGRAMAS
Programa Dpto. de Administración de Negocios
700 ## - OTROS AUTORES
Otros autores Grashow, Alexander; Linsky, Marty,
Títulos y otras palabras asociadas con el nombre autores
856 ## - URL - UBICACIÓN
URI/URL: Enlace exacto del recurso <a href="https://ebooks7-24-com.ucsp.lookproxy.com/stage.aspx?il=&pg=&ed=">https://ebooks7-24-com.ucsp.lookproxy.com/stage.aspx?il=&pg=&ed=</a>
Nota pública: Versión digital <a href="Véase además: Base de datos Ebook7-24">Véase además: Base de datos Ebook7-24</a>
942 ## - ELEMENTOS DE KOHA
Tipo de documento Libro
Nombre del creador Justo Noguera
Código de catalogador Tania Ramirez
Esquema de clasificación Dewey Decimal Classification
Suppress in OPAC
Existencias
Codigo completo Registro Colección Copia número Disponibilidad Tipo de préstamo Biblioteca Actual Procedencia (Biblioteca) Ubicacón Fecha Ingreso Tipo de Adquisición Observación Date last seen Total checkouts Price effective from Tipo de Item Estado del Material Fuente de Clasificación Damaged status Withdrawn status
658.4092 H36 1086550 Universidad Católica San Pablo 1 Disponible Disponible Víctor Andrés Belaunde Víctor Andrés Belaunde Primer piso 10/03/2026 Compra Humanidades 20/03/2026   20/03/2026 Libro Bueno Dewey Decimal Classification